| Tag |
First Indicator |
Second Indicator |
Subfields |
| LEADER |
00000cgm a2200000Ia 4500 |
| 001 |
in00002708994 |
| 005 |
20151202141713.0 |
| 007 |
vd cvaizu |
| 008 |
101104s2009 nyu090 vlspa d |
| 019 |
|
|
|a 643556659
|
| 020 |
|
|
|a 9781422910450
|
| 020 |
|
|
|a 1422910458
|
| 020 |
|
|
|a 1594589410
|
| 020 |
|
|
|a 9781594589416
|
| 024 |
1 |
|
|a 767685237007
|
| 028 |
4 |
0 |
|a NNVG237000
|b Docurama
|
| 035 |
|
|
|a (OCoLC)ocn677905223
|
| 035 |
|
|
|a (OCoLC)677905223
|z (OCoLC)643556659
|
| 040 |
|
|
|a LPU
|c LPU
|d BTCTA
|d TEF
|d VSI
|d WAU
|d OUN
|d EDX
|d KSU
|d GZM
|d IUL
|d OCLCA
|d UtOrBLW
|
| 041 |
1 |
|
|a spa
|j eng
|h spa
|
| 043 |
|
|
|a nc-----
|a n-mx---
|a n-us---
|a cl-----
|
| 049 |
|
|
|a TXAM
|
| 050 |
|
4 |
|a JV6344
|b .W55 2009
|
| 082 |
0 |
4 |
|a 305.23086/912
|2 22
|
| 245 |
0 |
0 |
|a Which way home /
|c HBO Documentary Films presents ; in association with Good and White Buffalo Entertainment ; a Mr. Mudd Production in association with Documentress Films ; directed and produced by Rebecca Cammisa.
|
| 264 |
|
1 |
|a [Oley, Pa.] :
|b Bullfrog Films,
|c [2009]
|
| 264 |
|
4 |
|c ©2009
|
| 300 |
|
|
|a 1 videodisc (90 min.) :
|b sound, color ;
|c 4 3/4 in.
|
| 336 |
|
|
|a two-dimensional moving image
|b tdi
|2 rdacontent
|
| 337 |
|
|
|a video
|b v
|2 rdamedia
|
| 338 |
|
|
|a videodisc
|b vd
|2 rdacarrier
|
| 538 |
|
|
|a DVD, NTSC; widescreen presentation.
|
| 546 |
|
|
|a In Spanish with optional English subtitles.
|
| 508 |
|
|
|a Directors of photography, Lorenzo Hagerman, Eric Goethals ; editors, Pax Wassermann, Madeleine Gavin ; music, James Lavino.
|
| 500 |
|
|
|a Includes three versions: Spanish with English subtitles (83 min. or 63 min. versions) or Spanish only (83 min. version).
|
| 520 |
|
|
|a A feature documentary that follows unaccompanied child migrants on their journey through Mexico as they try to reach the United States. We follow children like Olga and Freddy, 9-year old Hondurans, who are trying to reach their parents in the US. Children like Jose, a 10-year old El Salvadoran, who has been abandoned by smugglers and ends up alone in a Mexican detention center, and Kevin, a streetwise 14-year- old Honduran, whose mother hopes that he will reach the US.
|
| 500 |
|
|
|a Videorecording.
|
| 650 |
|
0 |
|a Illegal alien children
|z Central America.
|
| 651 |
|
0 |
|a Mexico
|x Boundaries
|z United States.
|
| 650 |
|
0 |
|a Unaccompanied immigrant children.
|
| 651 |
|
0 |
|a Latin America
|x Emigration and immigration.
|
| 651 |
|
0 |
|a United States
|x Emigration and immigration.
|
| 650 |
|
7 |
|a Extranjeros indocumentados
|z América Central.
|2 bidex
|
| 650 |
|
7 |
|a México
|x Límites
|z Estados Unidos.
|2 bidex
|
| 650 |
|
7 |
|a América Latina
|x Emigración e inmigración.
|2 bidex
|
| 650 |
|
7 |
|a Estados Unidos
|x Emigración e inmigración.
|2 bidex
|
| 655 |
|
7 |
|a Documentary films.
|2 lcgft
|
| 655 |
|
7 |
|a Nonfiction films.
|2 lcgft
|
| 700 |
1 |
|
|a Cammisa, Rebecca.
|
| 700 |
1 |
|
|a Lavino, James.
|
| 710 |
2 |
|
|a HBO Documentary Films.
|
| 710 |
2 |
|
|a Good and White Buffalo Entertainment.
|
| 710 |
2 |
|
|a Mr. Mudd (Firm)
|
| 710 |
2 |
|
|a Documentress Films.
|
| 710 |
2 |
|
|a Bullfrog Films.
|
| 994 |
|
|
|a C0
|b TXA
|
| 948 |
|
|
|a cataloged
|b h
|c 2011/8/18
|d c
|e blrosas
|f 8:36:54 am
|
| 999 |
|
|
|a MARS
|
| 999 |
f |
f |
|s ddd38ab1-55be-352e-88f6-242729648a74
|i 729c82ce-ef80-3bdb-b6fc-31d5a94ef87f
|t 0
|
| 952 |
f |
f |
|p dvd
|a Texas A&M University
|b College Station
|c Sterling C. Evans Library
|d Evans: Media and Reserves (Annex 1st floor)
|t 0
|e JV6344 .W55 2009
|h Library of Congress classification
|i video -- videodisc
|m A14841134378
|
| 998 |
f |
f |
|a JV6344 .W55 2009
|t 0
|l Evans: Media and Reserves (Annex 1st floor)
|